000 01774nam a2200313 i 4500
001 000028560
003 DO-SdBNP
005 20250703090026.0
007 ta
008 110215s2010 dr ac 000 0 spa d
020 _z99934640452
040 _aDO-SdBNP
_bspa
_cBNPHU
_erda
049 _aBNPD
082 4 _a972.93053
_bG158er, 2010
_222
100 1 _a Galíndez, Jesús de,
_d1915-1956
_983901
245 1 3 _aLa era de Trujillo :
_bun estudio casuístico de dictadura hispanoamericana /
_cJesús de Galíndez ; presentación a la edición dominicana, Orlando Inoa.
264 4 _aSanto Domingo :
_bEditorial Letra Gráfica,
_c©2010.
300 _a342 páginas :
_bilustraciones, retratos ;
_c23 cm.
336 _atexto
_btxt
_2rdacontent
337 _asin mediación
_bn
_2rdamedia
338 _avolumen
_bnc
_2rdacarrier
500 _aIncluye índice onomástico.
505 0 _aPresentación a la edición dominicana /
_rOrlando Inoa --
_gIntroducción --
_gI. Sinopsis histórica de un cuarto de siglo :
_tLa Era de Trujillo --
_gII. Análisis del régimen político bajo Trujillo :
_tParodia constitucional --
_tElecciones y renuncias --
_tTerror difuso en vez de libertad --
_tPartido único y sindicatos de gobierno --
_tInstituciones sociales de relleno --
_tEstilo personal del tirano --
_tRepercusiones de la política internacional --
_tEl anticomunismo de Trujillo --
_tLa obra positiva del Régimen Trujillista --
_tCrítica del régimen y grupos de oposición --
_tConclusiones --
_gBibliografía --
_gÍndice onomástico.
590 _aInventariado, 2025/BT
651 4 _aRepública Dominicana
_xPolítica y gobierno
_yEra de Trujillo, 1930-1961
_91374
700 1 _aInoa, Orlando,
_epresentación
_95784
910 _aValidado. Control de calidad EMS.
942 _2ddc
_cLBS1
999 _c28052
_d28052